[Event "Pribina - TPK Cup   Mistrovství ÈR junio"]
[Site "Havlíèkùv Brod - hotel Slunce"]
[Date "2012.11.27"]
[Round "4.29"]
[White "Kuchaø, Tomáš"]
[Black "Danìk, Daniel"]
[Result "0-1"]
[WhiteElo "1697"]
[BlackElo "1802"]
[PlyCount "106"]
[EventDate "2012.11.25"]

1. e4 c6 2. d4 d5 3. exd5 cxd5 4. Bd3 Nc6 5. c3 Nf6 6. Bf4 Bg4 7. Qb3 Qd7 8.
Nd2 e6 9. Ngf3 Bxf3 10. Nxf3 Bd6 11. Ne5 Qc7 12. O-O O-O 13. Rae1 Nh5 14. Bg3
Nxg3 15. hxg3 Nxe5 16. dxe5 Bxe5 17. Qc2 g6 18. f4 Bg7 19. g4 d4 20. f5 dxc3
21. f6 Bh6 22. Rf3 Rac8 23. Kh1 cxb2 24. Qxb2 Qc3 25. Qf2 Qxe1+ 26. Qxe1 Rc1
27. Qxc1 Bxc1 28. Be4 Rb8 29. Rc3 Bb2 30. Rc7 Bxf6 31. Bxb7 Rd8 32. Bf3 Bd4 33.
a4 Bb6 34. Rc2 Rd4 35. Ra2 Rc4 36. g3 e5 37. a5 Bc7 38. Kg2 e4 39. Be2 Rc3 40.
Ra4 Rxg3+ 41. Kf2 Rc3 42. a6 Bb6+ 43. Kf1 Rg3 44. Ke1 f5 45. gxf5 gxf5 46. Rc4
Kg7 47. Rc6 f4 48. Re6 f3 49. Bc4 f2+ 50. Ke2 Rg1 51. Re7+ Kg6 52. Rf7 Re1+ 53.
Kd2 e3+ 0-1

[Event "Pribina - TPK Cup   Mistrovství ÈR junio"]
[Site "Havlíèkùv Brod - hotel Slunce"]
[Date "2012.11.27"]
[Round "4.30"]
[White "Stránská, Kamila"]
[Black "Škuthan, Jiøí"]
[Result "0-1"]
[WhiteElo "1627"]
[BlackElo "1782"]
[PlyCount "72"]
[EventDate "2012.11.25"]

1. d4 Nf6 2. c4 g6 3. Nc3 Bg7 4. e4 d6 5. Bf4 O-O 6. Nf3 Nc6 7. Bg3 Nh5 8. Be2
f5 9. d5 Nxg3 10. hxg3 Ne5 11. Nxe5 Bxe5 12. Qc2 e6 13. exf5 exf5 14. O-O-O Qf6
15. f4 Bxc3 16. Qxc3 Qxc3+ 17. bxc3 Re8 18. Kd2 b6 19. Bd3 Bb7 20. Rh6 c6 21.
Rdh1 Re7 22. dxc6 Bxc6 23. R1h2 Rae8 24. a3 a6 25. g4 fxg4 26. f5 gxf5 27. Rxd6
Be4 28. Bxe4 Rxe4 29. Rxb6 Rxc4 30. Rxa6 Rd8+ 31. Ke3 f4+ 32. Ke2 Re4+ 33. Kf1
g3 34. Rxh7 Kxh7 35. Ra7+ Kg8 36. Kg1 Re1# 0-1

[Event "Pribina - TPK Cup   Mistrovství ÈR junio"]
[Site "Havlíèkùv Brod - hotel Slunce"]
[Date "2012.11.27"]
[Round "4.31"]
[White "Šaffová, Michaela"]
[Black "Steinhauser, Václav"]
[Result "1-0"]
[WhiteElo "1743"]
[BlackElo "1534"]
[PlyCount "115"]
[EventDate "2012.11.25"]

1. e4 e5 2. Nf3 Nc6 3. Bc4 Nf6 4. Ng5 d5 5. exd5 b5 6. dxc6 bxc4 7. Qe2 Qd5 8.
O-O Bd6 9. f4 O-O 10. fxe5 Re8 11. Nc3 Qc5+ 12. Kh1 Qxc6 13. Qf3 Qxf3 14. Nxf3
Bxe5 15. Nxe5 Rxe5 16. b3 cxb3 17. axb3 Bb7 18. d4 Re7 19. Bg5 Re6 20. Bxf6
Rxf6 21. Rxf6 gxf6 22. Kg1 a6 23. Ne2 Re8 24. Ng3 Kg7 25. Rf1 Kg6 26. Rf4 h5
27. Kf2 Bc8 28. Re4 Rxe4 29. Nxe4 f5 30. Nd2 f4 31. c4 Kf5 32. h3 Bb7 33. b4 c6
34. g3 Bc8 35. Kf3 fxg3 36. Kxg3 Be6 37. h4 Kg6 38. Kf4 f6 39. Ke4 Bf5+ 40. Ke3
Be6 41. Kf4 Bf7 42. Ke4 Be6 43. d5 cxd5+ 44. cxd5 Bd7 45. Nc4 Kf7 46. Nd6+ Ke7
47. Nf5+ Kf7 48. Nd4 Ke7 49. Nf5+ Kf7 50. Ng3 Kg6 51. Kd4 Bb5 52. d6 Bd7 53.
Kd5 f5 54. Ke5 Bc8 55. Ne2 Kg7 56. Nf4 Kh6 57. Kf6 Bd7 58. Ke7 1-0

[Event "Pribina - TPK Cup   Mistrovství ÈR junio"]
[Site "Havlíèkùv Brod - hotel Slunce"]
[Date "2012.11.27"]
[Round "4.32"]
[White "Suchomel, Jan"]
[Black "Tùma, Jan"]
[Result "0-1"]
[WhiteElo "1435"]
[BlackElo "1738"]
[PlyCount "86"]
[EventDate "2012.11.25"]

1. e4 c5 2. Nf3 Nc6 3. d4 cxd4 4. Nxd4 Nf6 5. Nc3 e5 6. Ndb5 d6 7. Bg5 a6 8.
Na3 b5 9. Nd5 Be7 10. Bxf6 Bxf6 11. c3 Bg5 12. Nc2 Rb8 13. Be2 O-O 14. O-O Kh8
15. Nce3 Bxe3 16. Nxe3 g6 17. Qd3 f5 18. Rad1 f4 19. Qxd6 fxe3 20. Qxc6 Qg5 21.
f3 Bh3 22. g3 Bxf1 23. Kxf1 Qh5 24. Kg2 Rf7 25. Qxa6 g5 26. Qe6 g4 27. Rf1 Rbf8
28. Qxg4 Qxg4 29. fxg4 Rxf1 30. Bxf1 Rf2+ 31. Kg1 Rxb2 32. Bd3 Rxa2 33. Bxb5
Rc2 34. h4 Rxc3 35. Kg2 h6 36. Kf3 Kg7 37. Ba6 Kf6 38. Ke2 Ke7 39. Bd3 Kd6 40.
Kxe3 Kc5 41. h5 Ra3 42. g5 hxg5 43. Ke2 Kd4 0-1

[Event "Pribina - TPK Cup   Mistrovství ÈR junio"]
[Site "Havlíèkùv Brod - hotel Slunce"]
[Date "2012.11.27"]
[Round "4.36"]
[White "Jurèa, Marek"]
[Black "Zlámaná, Anna"]
[Result "1/2-1/2"]
[WhiteElo "1893"]
[BlackElo "1484"]
[PlyCount "72"]
[EventDate "2012.11.25"]

1. d4 d5 2. c4 e6 3. Nf3 Nf6 4. g3 Bd6 5. Bg2 O-O 6. O-O dxc4 7. Qa4 Nc6 8. Rd1
Nb4 9. Ne5 c6 10. Rd2 b5 11. Qd1 Qc7 12. a3 Nbd5 13. e4 Ne7 14. Nxc6 Nxc6 15.
e5 Nd5 16. exd6 Qxd6 17. Nc3 Nxc3 18. bxc3 Bb7 19. d5 Na5 20. dxe6 Qxe6 21.
Bxb7 Nxb7 22. Rd5 Rad8 23. Rd4 h6 24. Be3 a6 25. a4 Qf6 26. axb5 axb5 27. Qh5
Rxd4 28. Bxd4 Qg5 29. Qxg5 hxg5 30. Rb1 Nd6 31. Bc5 Rd8 32. Bxd6 Rxd6 33. Rxb5
Rd1+ 34. Kg2 Rc1 35. Rxg5 Rxc3 36. Rc5 Kf8 1/2-1/2

[Event "Pribina - TPK Cup   Mistrovství ÈR junio"]
[Site "Havlíèkùv Brod - hotel Slunce"]
[Date "2012.11.27"]
[Round "4.37"]
[White "Nosek, Jan"]
[Black "Rojíková, Lenka"]
[Result "0-1"]
[WhiteElo "1706"]
[BlackElo "1866"]
[PlyCount "66"]
[EventDate "2012.11.25"]

1. d4 Nf6 2. c4 c5 3. d5 b5 4. b3 bxc4 5. bxc4 g6 6. Qa4 Bg7 7. Bb2 O-O 8. Nc3
e6 9. dxe6 fxe6 10. Rb1 d5 11. e3 d4 12. Nd1 e5 13. Ba3 Bf5 14. Rb2 Qc7 15. Ne2
Ne4 16. f3 Nd6 17. e4 Be6 18. Nc1 Nd7 19. Rc2 g5 20. Bd3 g4 21. Ke2 Nf6 22. Rf1
gxf3+ 23. gxf3 Nh5 24. Nb2 Nf4+ 25. Kd1 Bd7 26. Qa6 Rf6 27. Nb3 Nf5 28. Qa5
Ne3+ 29. Kc1 Qxa5 30. Nxa5 Nxd3+ 31. Nxd3 Nxf1 32. Nxe5 Be8 33. Bxc5 Ra6 0-1

[Event "Pribina - TPK Cup   Mistrovství ÈR junio"]
[Site "Havlíèkùv Brod - hotel Slunce"]
[Date "2012.11.27"]
[Round "4.39"]
[White "Kovaøík, Matyáš"]
[Black "Zemková, Klára"]
[Result "0-1"]
[WhiteElo "1539"]
[BlackElo "1702"]
[PlyCount "82"]
[EventDate "2012.11.25"]

1. e4 e6 2. Qe2 c5 3. f4 Nf6 4. Nf3 d5 5. e5 Nfd7 6. g3 Nc6 7. Bg2 a6 8. O-O b5
9. c3 Qb6 10. d3 Be7 11. Be3 O-O 12. d4 a5 13. g4 b4 14. Qf2 Ba6 15. Re1 f6 16.
cxb4 axb4 17. h4 cxd4 18. Nxd4 Nxd4 19. Bxd4 Bc5 20. Bxc5 Qxc5 21. Qxc5 Nxc5
22. Nd2 fxe5 23. fxe5 Nd3 24. Re3 Rac8 25. Bf1 Nc5 26. Rf3 Bxf1 27. Raxf1 Na4
28. Rf4 Nxb2 29. Rxb4 Nd3 30. Rb6 Nxe5 31. Rxe6 Nxg4 32. Nb3 Ra8 33. Rxf8+ Kxf8
34. Re2 Kf7 35. Kg2 Nf6 36. Nc5 Ra5 37. Nb7 Ra4 38. Kg3 Kg6 39. Nc5 Nh5+ 40.
Kh3 Nf4+ 41. Kh2 Rc4 0-1

[Event "Pribina - TPK Cup   Mistrovství ÈR junio"]
[Site "Havlíèkùv Brod - hotel Slunce"]
[Date "2012.11.27"]
[Round "4.40"]
[White "Kubitová, Alžbìta"]
[Black "Kaser, Jiøí"]
[Result "1-0"]
[WhiteElo "1422"]
[BlackElo "1758"]
[PlyCount "27"]
[EventDate "2012.11.25"]

1. e4 e5 2. Nf3 Nc6 3. d4 exd4 4. Nxd4 Bc5 5. Be3 Bxd4 6. Bxd4 Nxd4 7. Qxd4 Qf6
8. Qc3 d6 9. Bc4 Be6 10. Bb5+ c6 11. Bxc6+ bxc6 12. Qxc6+ Ke7 13. Qb7+ Bd7 14.
Nc3 1-0

[Event "Pribina - TPK Cup   Mistrovství ÈR junio"]
[Site "Havlíèkùv Brod - hotel Slunce"]
[Date "2012.11.27"]
[Round "4.41"]
[White "Valterová, Veronika"]
[Black "Žitná, Aneta"]
[Result "1-0"]
[WhiteElo "1339"]
[BlackElo "1548"]
[PlyCount "33"]
[EventDate "2012.11.25"]

1. e4 e5 2. f4 exf4 3. Nf3 d6 4. Bc4 g5 5. O-O Bg4 6. Nc3 Ne7 7. Bxf7+ Kxf7 8.
Nxg5+ Ke8 9. Qxg4 Ng6 10. d4 Nc6 11. Bxf4 Nxd4 12. Rad1 Nc6 13. Nd5 Rc8 14.
Qe6+ Be7 15. Nf7 Qd7 16. Nf6+ Kf8 17. Nxd7+ 1-0